000
00209 a2200097 4500
001
47406
100
_a
Golovine M
245
_a
Conflict in space
260
_a
London
_b
Temple press
_c
090
_c
30435
_d
30435
942
_a
NUST-CAE
_c
M
_c
22709
999
_c
282479
_d
282479